000 00462nam a2200181Ia 4500
001 13514
005 20260306164806.0
008 260306t2000||||xx |||||||||||||| ||spa||
041 _aESP
082 _a004.6
_bG91R
100 _aGuijarro Coloma, Luis
_eAUT
245 0 _aRedes ATM:
_bprincipios de interconexión y su aplicación
260 _c2000
300 _axiv, 155 páginas :
_c23 cm.
650 _aGEN
654 _aCCC
942 _cLIB
_dJUS
_fJUS
_2ddc
_n
999 _c13514
_d13514